[Event "Hessenliga 0506"]
[White "Erwes, Theo"]
[Black "Stelzer, Harald"]
[Site "Germany"]
[Round "3.3"]
[Result "1-0"]
[Date "2005.10.09"]
[WhiteElo "2103"]
[BlackElo "2271"]
[PlyCount "75"]
[EventDate "2005.09.11"]
[EventType "team-tourn"]
[EventRounds "11"]
[EventCountry "GER"]
[SourceTitle "EXT 2007"]
[Source "ChessBase"]
[SourceDate "2006.11.23"]
[SourceVersion "1"]
[SourceVersionDate "2006.11.23"]
[SourceQuality "1"]
[WhiteTeam "Limburg"]
[BlackTeam "Bensheim"]
[WhiteTeamCountry "GER"]
[BlackTeamCountry "GER"]

1. Nf3 d5 2. g3 c6 3. Bg2 Bg4 4. d4 Bxf3 5. Bxf3 e6 6. 0-0 h5 7. Nd2 Nf6 8. e4 h4 9. c4 Be7 10. Rb1 dxe4 11. Nxe4 Nxe4 12. Bxe4 Nd7 13. Re1 Nf6 14. Bg2 hxg3 15. hxg3 Qa5 16. a3 Qf5 17. Be3 Rd8 18. Qf3 Qg6 19. Rbd1 Kf8 20. d5 exd5 21. Bxa7 Bd6 22. Qb3 Rd7 23. cxd5 cxd5 24. Bd4 Rh5 25. Qb5 Rd8 26. Qxb7 Bxg3 27. Qe7+ Kg8 28. Qxd8+ Kh7 29. fxg3 Qxg3 30. Bxf6 Qh2+ 31. Kf2 Rf5+ 32. Ke3 Qg3+ 33. Kd2 Rxf6 34. Rh1+ Kg6 35. Be4+ dxe4 36. Rdg1 Rf2+ 37. Kc1 Rg2 38. Qb6+ 1-0

[Event "Hessenliga 0405"]
[White "Stelzer, Harald"]
[Black "Meinzer, Dieter"]
[Site "Germany"]
[Round "5.1"]
[Result "1-0"]
[Date "2005.01.23"]
[WhiteElo "2288"]
[BlackElo "2220"]
[PlyCount "149"]
[EventDate "2004.09.26"]
[EventType "team-tourn"]
[EventRounds "9"]
[EventCountry "GER"]
[SourceTitle "EXT 2006"]
[Source "ChessBase"]
[SourceDate "2005.11.24"]
[SourceVersion "1"]
[SourceVersionDate "2005.11.24"]
[SourceQuality "1"]
[WhiteTeam "Bensheim"]
[BlackTeam "Eppstein"]
[WhiteTeamCountry "GER"]
[BlackTeamCountry "GER"]

1. e4 c5 2. Nf3 e6 3. d4 cxd4 4. Nxd4 Bc5 5. Nb3 Bb6 6. Nc3 Ne7 7. Bg5 0-0 8. Qd2 Nbc6 9. 0-0-0 a5 10. Bb5 f5 11. Na4 Bc7 12. f3 Qe8 13. Kb1 h6 14. Be3 Rf7 15. Rhe1 fxe4 16. fxe4 Ng6 17. a3 Nge5 18. Nb6 Rb8 19. h3 Qd8 20. Na4 b6 21. Rf1 Rxf1 22. Rxf1 Na7 23. Be2 Bb7 24. Nc3 Bc6 25. Nd4 Qe7 26. Rd1 Rf8 27. Ndb5 Nxb5 28. Nxb5 Bxb5 29. Bxb5 d6 30. Bd4 Nd7 31. Bc4 Nc5 32. Qe2 Kh8 33. Qg4 e5 34. Be3 a4 35. Bxh6 gxh6 36. Qh5 Qg7 37. h4 Nxe4 38. Qe2 Nf6 39. Be6 Re8 40. Bf5 d5 41. g4 d4 42. g5 Ng8 43. Rxd4 Qf8 44. Bd7 Re7 45. Rd1 Qf4 46. Bc6 Qxh4 47. gxh6 Nf6 48. Rg1 e4 49. Qa6 Kh7 50. Qc8 Qf2 51. Bxe4+ Kxh6 52. Qh8+ Nh7 53. Rh1+ Kg5 54. Qg8+ Kf4 55. Bxh7 Re1+ 56. Rxe1 Qxe1+ 57. Ka2 Qe5 58. Qf7+ Ke3 59. Qc4 Kf2 60. Bd3 Bd8 61. Qxa4 Bf6 62. Qb3 Ke1 63. Qb4+ Kd1 64. Qxb6 Kc1 65. Qg1+ Kd2 66. Qg2+ Kc1 67. c3 Qe6+ 68. Ka1 Kd1 69. Qc2+ Ke1 70. a4 Qe5 71. Kb1 Bg5 72. a5 Bd2 73. a6 Qa5 74. Bc4 Qe5 75. a7 1-0

[Event "Hessenliga 0405"]
[White "Buchal, Stephan"]
[Black "Stelzer, Harald"]
[Site "Germany"]
[Round "1.1"]
[Result "1-0"]
[Date "2004.09.26"]
[WhiteElo "2347"]
[BlackElo "2288"]
[PlyCount "83"]
[EventDate "2004.09.26"]
[EventType "team-tourn"]
[EventRounds "9"]
[EventCountry "GER"]
[SourceTitle "EXT 2006"]
[Source "ChessBase"]
[SourceDate "2005.11.24"]
[SourceVersion "1"]
[SourceVersionDate "2005.11.24"]
[SourceQuality "1"]
[WhiteTeam "Hofheim II"]
[BlackTeam "Bensheim"]
[WhiteTeamCountry "GER"]
[BlackTeamCountry "GER"]

1. g3 d5 2. Bg2 c6 3. d3 Bg4 4. f4 Qb6 5. h3 Bf5 6. e4 dxe4 7. dxe4 Bc8 8. Nf3 e6 9. Qe2 Nf6 10. Nbd2 Nh5 11. Nf1 Nd7 12. e5 g6 13. g4 Ng7 14. N1d2 Be7 15. Nc4 Qc7 16. Be3 Nb6 17. 0-0-0 0-0 18. Nfd2 Nd5 19. Ne4 b5 20. Ncd6 Ne8 21. Qf2 f5 22. gxf5 exf5 23. Rxd5 fxe4 24. Nxe8 Rxe8 25. Bxe4 Be6 26. Rd2 Bxa2 27. Bc5 Be6 28. Bxe7 Rxe7 29. Qc5 Rc8 30. Rd6 Qa5 31. b3 Qa2 32. Rhd1 Bxh3 33. Rxg6+ hxg6 34. Qxe7 Qa1+ 35. Kd2 Qa5+ 36. b4 Rd8+ 37. Bd3 Qb6 38. Qg5 Bf5 39. Qg3 Qd4 40. Ke2 Qd5 41. Rg1 Qd4 42. Bxf5 1-0

[Event "Hessenliga 0304"]
[White "Stelzer, Harald"]
[Black "Wege, Jochen"]
[Site "Germany"]
[Round "7.2"]
[Result "1-0"]
[Date "2004.02.29"]
[WhiteElo "2283"]
[BlackElo "2255"]
[PlyCount "127"]
[EventDate "2003.10.??"]
[EventType "team-tourn"]
[EventRounds "9"]
[EventCountry "GER"]
[SourceTitle "EXT 2005"]
[Source "ChessBase"]
[SourceDate "2004.11.15"]
[SourceVersion "1"]
[SourceVersionDate "2004.11.15"]
[SourceQuality "1"]
[WhiteTeam "Bensheim"]
[BlackTeam "Frankfurt BvK"]
[WhiteTeamCountry "GER"]
[BlackTeamCountry "GER"]

1. e4 c5 2. Nf3 e6 3. d4 cxd4 4. Nxd4 Nc6 5. Nxc6 bxc6 6. Bd3 d5 7. 0-0 Nf6 8. Nc3 Be7 9. e5 Nd7 10. Qg4 Nxe5 11. Qxg7 Bf6 12. Qg3 Nxd3 13. cxd3 Bb7 14. Bf4 Kf8 15. Bc7 Qd7 16. Qf4 Rg8 17. Bd6+ Ke8 18. Rfe1 Be7 19. Bxe7 Qxe7 20. Re5 Kf8 21. Rae1 Rg6 22. d4 Qf6 23. Qd2 a5 24. Na4 Ke7 25. Qc3 Qh4 26. R5e3 Rag8 27. g3 Rh6 28. Nc5 Qxh2+ 29. Kf1 Rf6 30. Rf3 Rxf3 31. Qxf3 Bc8 32. Ke2 Qh6 33. Qc3 Qh5+ 34. Kf1 Qh1+ 35. Ke2 Qh5+ 36. Kd2 Qg4 37. Nd3 Bd7 38. Ne5 Qf5 39. Qc5+ Ke8 40. Qa7 Bc8 41. Qc7 Qxf2+ 42. Re2 Qxd4+ 43. Nd3 Ba6 44. Qxc6+ Ke7 45. Qxa6 Rxg3 46. Qb7+ Kf6 47. Rf2+ Kg6 48. Qxf7+ Kh6 49. Qxe6+ Rg6 50. Rh2+ Kg5 51. Qe7+ Rf6 52. Qg7+ Kf5 53. Qxh7+ Ke6 54. Re2+ Kd6 55. Qe7+ Kc6 56. Qe8+ Kb6 57. Re6+ Rxe6 58. Qxe6+ Kb5 59. Qd7+ Kb6 60. Qd8+ Kb5 61. Qb8+ Kc6 62. Qe5 Qg4 63. Qe8+ Kb6 64. Qb8+ 1-0

[Event "EU-ch Internet qual"]
[White "Fernandes, Antonio ETG"]
[Black "Stelzer, Harald"]
[Site "Playchess.com INT"]
[Round "2"]
[Result "0-1"]
[Date "2003.11.08"]
[WhiteElo "2473"]
[BlackElo "2283"]
[PlyCount "162"]
[EventDate "2003.11.08"]
[EventType "swiss (blitz)"]
[EventRounds "15"]
[EventCountry "GER"]
[SourceTitle "EXT 2004"]
[Source "ChessBase"]
[SourceDate "2003.11.25"]
[SourceVersion "1"]
[SourceVersionDate "2003.11.25"]
[SourceQuality "1"]

1. d4 d5 2. Bg5 c6 3. Nf3 Bf5 4. e3 Nd7 5. Nbd2 Ngf6 6. c4 e6 7. Qb3 Qb6 8. Nh4 Bg6 9. Nxg6 hxg6 10. Be2 Bb4 11. f3 Bxd2+ 12. Kxd2 Qxb3 13. axb3 a6 14. Bd3 0-0 15. h4 Rfe8 16. g4 e5 17. h5 e4 18. Bxf6 Nxf6 19. Be2 gxh5 20. g5 exf3 21. gxf6 fxe2 22. Rag1 g6 23. Rxh5 Re6 24. Rh3 Rae8 25. Kxe2 Rxf6 26. Rgh1 Kf8 27. Rh8+ Ke7 28. Rxe8+ Kxe8 29. Rh8+ Kd7 30. Rb8 Kc7 31. Re8 Re6 32. Rf8 Re7 33. Kf3 Kb6 34. cxd5 cxd5 35. Rd8 Kc6 36. Rc8+ Kb6 37. Rd8 Kc6 38. Rc8+ Kd6 39. Rd8+ Rd7 40. Rg8 Kc6 41. Rf8 Kb5 42. Rc8 Kb4 43. Rc3 b5 44. Kf4 Re7 45. Rc5 Kxb3 46. Rxd5 Kxb2 47. Rc5 b4 48. Ra5 Ra7 49. Ke4 Kc3 50. Rc5+ Kb2 51. Kd3 a5 52. d5 a4 53. d6 a3 54. Rc7 Ra6 55. d7 Rd6+ 56. Kc4 b3 57. Kc5 Rd3 58. Kc6 a2 59. Rc8 a1Q 60. d8Q Qa4+ 61. Kb7 Rxd8 62. Rxd8 Qb5+ 63. Kc7 Qc5+ 64. Kd7 Qxe3 65. Rf8 Qd4+ 66. Ke7 f5 67. Kf7 g5 68. Kg8 Qd5+ 69. Rf7 Qxf7+ 70. Kxf7 f4 71. Ke6 f3 72. Kf5 f2 73. Kg4 f1Q 74. Kg3 Kc3 75. Kg4 Kd3 76. Kg3 Ke3 77. Kg4 Qf4+ 78. Kh5 g4 79. Kg6 g3 80. Kh5 g2 81. Kg6 g1Q+ 0-1

[Event "EU-ch Internet qual"]
[White "Knaak, Rainer"]
[Black "Stelzer, Harald"]
[Site "Playchess.com INT"]
[Round "8"]
[Result "0-1"]
[Date "2003.11.08"]
[WhiteElo "2480"]
[BlackElo "2283"]
[PlyCount "94"]
[EventDate "2003.11.08"]
[EventType "swiss (blitz)"]
[EventRounds "15"]
[EventCountry "GER"]
[SourceTitle "EXT 2004"]
[Source "ChessBase"]
[SourceDate "2003.11.25"]
[SourceVersion "1"]
[SourceVersionDate "2003.11.25"]
[SourceQuality "1"]

1. d4 c6 2. c4 d5 3. Nf3 Nf6 4. e3 e6 5. Nc3 Be7 6. Qc2 0-0 7. b3 Re8 8. Be2 b6 9. 0-0 Bb7 10. Rd1 Nbd7 11. Bb2 Rc8 12. e4 dxc4 13. bxc4 c5 14. d5 exd5 15. exd5 Bd6 16. Ng5 h6 17. Nce4 Be5 18. Bxe5 Rxe5 19. Nxf6+ Nxf6 20. Nf3 Re8 21. a4 Qd6 22. h3 Rcd8 23. Bd3 Bc8 24. Re1 Qf4 25. Nd2 Bd7 26. Nf1 Qd4 27. Ne3 Nh5 28. Rad1 Qh4 29. Nf5 Bxf5 30. Bxf5 Rxe1+ 31. Rxe1 Qg5 32. Qe4 Nf6 33. Qd3 g6 34. Be4 Qe5 35. Re3 Qa1+ 36. Kh2 Qxa4 37. Bxg6 Qa1 38. Rg3 Kf8 39. Bxf7 Qe5 40. Bg6 b5 41. Qd2 bxc4 42. Qxh6+ Ke7 43. f4 Qd4 44. Bf7 c3 45. Be6 c2 46. f5 Qe5 47. Qd2 Qxg3+ 0-1